Statistiques concernant Focus sur: Osdehétu - Tolkien

Cliquez ici pour prendre le quiz!

Statistiques générales

  • Ce quiz a été pris 5 fois
  • Le résultat moyen est 6 sur 8

Statistiques - réponses

Informations recherchéesRéponses% Correct
EspèceEnt
100%
Fangorn
100%
Profession et titreGardien de la forêt de Fangorn
100%
Ages durant lesquels il vécutPremier/Deuxième/Troisième
100%
Première apparitionLe Seigneur des Anneaux: Les Deux Tours
80%
ContréesForêts du Beleriand
60%
Essence associéeHêtre
20%
Autre traduction du nomOsfayard
0%

Distribution des résultats

Percentile par nombre de réponses

% des personnes avec chaque résultat

Votre développement - résultats

Vous n’avez pas pris ce quiz